A magyar államalapítás centenáriuma elé
Elmentve itt :
| Szerző: | |
|---|---|
| Adatforrás: | Meister |
| Forrásdokumentuma: | A Hét. - 23 sz., 1999, 9-10 p. |
| Nyelv: | magyar |
| Kulcsszavak: | kisebbségtörténet honfoglalás magyar-bolgár kapcsolat magyar-bizánci kapcsolat magyar-német kapcsolat mAgyar honfoglalás l: honfoglalás MAKK Ferenc |
| LEADER | 00570nab a2200193 i 4500 | ||
|---|---|---|---|
| 001 | bibPRO00007922 | ||
| 008 | 060524s1999 xx hun | ||
| 040 | |a Sz1 | ||
| 041 | |a hun | ||
| 100 | 1 | |a DEMÉNY Lajos | |
| 245 | 1 | 2 | |a A magyar államalapítás centenáriuma elé |c DEMÉNY Lajos |
| 695 | |a kisebbségtörténet | ||
| 695 | |a honfoglalás | ||
| 695 | |a magyar-bolgár kapcsolat | ||
| 695 | |a magyar-bizánci kapcsolat | ||
| 695 | |a magyar-német kapcsolat | ||
| 695 | |a mAgyar honfoglalás l: honfoglalás | ||
| 695 | |a MAKK Ferenc | ||
| 773 | 0 | |t A Hét. - |g 23 sz., 1999, 9-10 p. | |